Anatomy of a Laptop - Statistics

General Stats
  • This quiz has been taken 28 times
  • The average score is 2 of 5
Answers on the Map
Answers color-coded by a green-red scale on the quiz's map according to % correct below.
 
Answer Stats
Answer % Correct
Keyboard
100%
Trackpad
48%
Chasis
30%
Display
26%
Hinge
26%
No matching quizzes found
Score Distribution
Percent of People with Each Score
Percentile by Number Answered
Your Score History
You have not taken this quiz